| 000 | 00476cam a22001577a 4500 | ||
|---|---|---|---|
| 008 | 180718b2001 xxu||||| |||| 00| 0 eng d | ||
| 020 | _a8171569862 | ||
| 082 | _aB3x54 J199e | ||
| 100 | _aJain, Mukesh | ||
| 245 |
_aExcellence in government: a blueprint for reinventing the government _cBy Mukesh Jain |
||
| 260 |
_aNew Delhi _bAtlantic _c2001 |
||
| 300 | _a487p. | ||
| 650 | _aBureaucracy - India. | ||
| 650 | _aGovernance - India | ||
| 650 | _aPublic administration - India | ||
| 999 |
_c399980 _d399980 |
||